000 00335nam a2200133Ia 4500
003 OSt
005 20240306100047.0
008 170523s9999 xx 000 0 und d
020 _a978-9395161213
040 _cIIMTU
100 _aAneja- K.R
245 0 _aExperiments in Microbiology Plant Pathology and Biotechnology
942 _2ddc
_c02
999 _c11052
_d11052